000 01417nam2a22003371 4500
001 RU\NLR\bibl\1253958
005 20250615124832.0
010 _a978-5-7281-1000-2
_bт. 1
021 _aRU
_b2008-39764
_92193
035 _a(NLR Aleph) 001240018
090 _a252857
_c252857
100 _a20080701d2008 |||y0rusy50 ca
101 0 _arus
_deng
_eeng
102 _aRU
105 _ac |||||||||
200 1 _aДревнеиндийская литература
210 _d2008
_aБ. м.
215 _a544, [7] с., [1] л. портр.
300 _aРез. на англ. яз.
320 _aБиблиогр. в конце ст.
461 0 _1001RU\NLR\bibl\1295223
_12001#$aИзбранные произведения$vТ. 1
_9498062
_aГринцер, П. А.
_cМосква
_d2008
_fП.А. Гринцер
_nиздательский центр Российского государственного гуманитарного университета
_oв 2 т.
_tИзбранные произведения
_vТ. 1
512 1 _6z20790
_aДревнеиндийская литература
790 1 _6z20512
_aГринцер
_bП. А.
_gПавел Александрович
_4070
801 0 _aRU
_bNLR
_c20080701
_gRCR
801 1 _aRU
_bNLR
_c20080701
852 _aNLR
_bОЛСАА-сл-спр
_j3-4896
942 _cBOOK
980 _aNB
980 1 _aSL_SPR